LIBRARY & INFORMATION CENTRE, KCAET, TAVANUR

ONLINE PUBLIC ACCESS CATALOGUE (OPAC)

Finite element analysis of soft robotic gripper for pineapple harvesting / (Record no. 18088)

MARC details
000 -LEADER
fixed length control field 00537nam a2200181 4500
003 - CONTROL NUMBER IDENTIFIER
control field OSt
082 ## - DEWEY DECIMAL CLASSIFICATION NUMBER
Classification number 631.3
Item number SUM/FI
088 ## - REPORT NUMBER
Report number P 612
100 ## - MAIN ENTRY--AUTHOR NAME
Personal name Sumith S Raju
245 ## - TITLE STATEMENT
Title Finite element analysis of soft robotic gripper for pineapple harvesting /
260 ## - PUBLICATION, DISTRIBUTION, ETC. (IMPRINT)
Place of publication Tavanur :
Name of publisher Department of Farm Machinery & Power Engineering,
Year of publication 2024.
300 ## - PHYSICAL DESCRIPTION
Number of Pages p.
700 ## - ADDED ENTRY--PERSONAL NAME
Personal name Justin Basil Isac
700 ## - ADDED ENTRY--PERSONAL NAME
Personal name Soorya A Surendran
700 ## - ADDED ENTRY--PERSONAL NAME
Personal name Afna Sharin E P
700 ## - ADDED ENTRY--PERSONAL NAME
Personal name Sindhu Bhaskar (Guide)
942 ## - ADDED ENTRY ELEMENTS (KOHA)
Koha item type Project Report
Holdings
Collection code Home library Current library Full call number Accession Number Koha item type
Reference KAUAET KAUAET 631.3 SUM/FI P 612 Project Report
free website counter